000 00598cam a2200205 4500500
005 20260329003103.0
041 _afre
042 _adc
100 1 0 _aFrieyro, Martin
_eauthor
245 0 0 _aComment en finir avec la peur d’être noté?
260 _c2014.
500 _a1
690 _aBenoît Hamon
690 _aÉcole
690 _aÉvaluation
690 _aNotation
690 _aNotes
786 0 _nPhilosophie magazine | 82 | 9 | 2014-09-01 | p. 5-5 | 1951-1787
856 4 1 _uhttps://shs.cairn.info/magazine-philosophie-magazine-2014-9-page-5?lang=fr&redirect-ssocas=7080
999 _c1821316
_d1821316